000
00330nam a22001457a 4500
008
210223b ||||| |||| 00| 0 eng d
020
_a
1890369012
041
_a
eng
080
_2
1st
_a
61
082
_a
61
100
_a
3
101
_a
SHM
245
_a
Emergency Medicine
_c
Gossman, W Plantz, S & Adler, J
942
_2
udc
_c
BK
999
_c
55105
_d
55105